Les 20 villes les plus peuplées de Dordogne sur une carte - Statistiques

Statistiques générales
  • Ce quiz a été pris 75 fois
  • Le résultat moyen est 8 sur 20
Réponses sur la Carte
Les réponses sont colorées sur une échelle allant du rouge au vert en fonction du pourcentage des utilisateurs qui les ont devinées à leur premier essai. Vous pouvez retrouver ces pourcentages ci-dessous.
 
Statistiques - réponses
Hint Réponse % Correct
29 516 Périgueux
100%
26 323 Bergerac
94%
8 812 Sarlat-la-Canéda
87%
3 041 Nontron
61%
10 697 Boulazac Isle Manoire
55%
7 268 Trélissac
49%
5 834 Montpon-Ménestérol
39%
3 828 Ribérac
39%
6 261 Terrasson-Lavilledieu
36%
5 320 Saint-Astier
34%
3 721 Brantôme en Périgord
33%
4 435 Chancelade
24%
7 245 Coulounieix-Chamiers
22%
3 640 Neuvic
21%
4 674 Sanilhac
15%
3 018 La Roche-Chalais
13%
4 363 Bassillac et Auberoche
12%
3 029 Champcevinel
12%
3 143 Marsac-sur-l'Isle
12%
4 292 Prigonrieux
7%
Aucun quiz correspondant
Distribution des résultats
% des personnes avec chaque résultat
Percentile par nombre de réponses
Votre historique - résultats
Vous n’avez pas pris ce quiz